000 01083com a2200325Ia 4500
020 _a0028253264 (student ed.)
020 _a9780028253268 (student ed.)
020 _a9780028253336 (student ed. vol. 1)
020 _a0028253337 (student ed. vol. 1)
020 _a9780028253343 (student ed. vol. 2)
020 _a0028253345 (student ed. vol. 2)
020 _a0028253280 (teacher ed.)
020 _a9780028253282 (teacher ed.)
040 _cNKM
082 _a512 GLE 1998 A060 Or.
245 0 0 _aGlencoe Algebra 1.
_bintegration, applications, connections /
246 3 0 _aAlgebra 1
246 3 3 _aAlgebra I
260 _aNew York, N.Y. :
_bGlencoe/McGraw-Hill,
_cc1998
300 _a1 kit (student ed. (2 vol.) +
_eteacher ed., student ed. (1 vol.), 13 resource booklets
500 _aTitle from t.p. of teacher's ed
500 _aVol. 17 is from Glencoe mathematics professional series
650 0 _aAlgebra
650 0 _aAlgebra
650 0 _aAlgebra
650 0 _aMathematics
700 1 _aCollins, William
710 2 _aGlencoe/McGraw-Hill
942 _cEK
999 _c14320
_d14320